| 000 -Etiqueta do registo | |
|---|---|
| campo de controlo de comprimento fixo | 00957nas a2200313 4500 |
| 001 - Identificador do registo | |
| Campo de controlo | 74909 |
| 010 ## - ISBN | |
| Número (ISBN) | 978-972-2353-29-8 |
| 021 ## - Nº depósito legal | |
| Código do país | Portugal |
| Número | 377762/14 |
| 100 ## - Dados Gerais de Proc. | |
| Dados gerais de processamento | 20141105d2014 da y0pory50030103ba |
| 101 0# - Língua da publicação | |
| Língua do texto, banda sonora, etc. | Português |
| 102 ## - País de Publicação | |
| País de publicação | Portugal |
| 105 ## - Dados Codif. Livros | |
| Dados codificados dos livros | y z 000ay |
| 106 ## - Atributos Físicos | |
| Dados codificados do material textual | r |
| 200 1# - Título | |
| Título próprio | Na terra da Rainha |
| Primeira menção de responsabilidade | Paula Pimenta |
| 205 ## - Menção da edição | |
| Menção da edição | 1<U+00AA> ed |
| 210 #9 - Publicação, Distribuição | |
| Lugar da edição, distribuição, etc. | Lisboa |
| Nome do editor, distribuidor, etc. | Presença, |
| Data da publicação, distribuição, etc. | 2014 |
| 215 ## - Descrição física | |
| Descrição física | 325, [2] p. |
| Dimensões | 22 cm |
| 225 2# - Colecção | |
| Título próprio da colecção | ?A ?minha vida é um filme |
| Indicação de volume | 2 |
| 675 ## - CDU | |
| Notação | 087.5 |
| Edição | BN |
| Língua da edição | Português |
| 675 ## - CDU | |
| Notação | 82 |
| Edição | BN |
| Língua da edição | Português |
| 700 #1 - Responsabilidade principal | |
| Palavra de ordem | Pimenta, |
| Outra parte do nome | Paula, |
| Datas | 1975- |
| 801 #0 - Fonte de origem | |
| País | Portugal |
| Agência | BN |
| Regras de catalogação | RPC |
| 856 41 - Localização e acesso electrónico | |
| URL | <a href="http://rnod.bnportugal.gov.pt/ImagesBN/winlibimg.aspx?skey=&doc=1888296&img=50760&save=true">http://rnod.bnportugal.gov.pt/ImagesBN/winlibimg.aspx?skey=&doc=1888296&img=50760&save=true</a> |
| 090 ## - Números de controlo do sistema (Koha) | |
| Número biblioitem do Koha (gerado automaticamente) | 74909 |
| 942 ## - Elementos de entrada adicionados (Koha) | |
| Tipo de item no Koha | Monografias |
| Suprimido | Disponível no OPAC |
| Removido (estado) | Perdido (estado) | Data de aquisição | Origem do registo (biblioteca) (codificado) | Código da organização que empresta ou é detentora (biblioteca) | Código de barras | Número de inventário | Cota | Tipo de circulação (não pode ser emprestado) | Tipo de item e material |
|---|---|---|---|---|---|---|---|---|---|
| Disponível | Disponível | 2025-09-30 | Biblioteca EB23 D. Manuel I | Biblioteca EB23 D. Manuel I | BEBDMI9357 | 9357 | 82 - 93 PIM | Normal | Monografias |